000
00306nam a2200133Ia 4500
100
_a
Champion & Arnold
942
_c
BK
654
_a
Calculatios
245
_a
Motor Vehicle Calculations & Science I
260
_b
Edward Arnold (pub) Ltd.
_c
2001
082
_a
629.2
300
_a
260
546
_a
ENGLISH
999
_c
32389
_d
32389